[Event "2.ligaD04/05-8"]
[Site "?"]
[Date "????.??.??"]
[Round "?"]
[White "Petlak, Josef"]
[Black "Komprda, Pavel"]
[Result "0-1"]
[WhiteElo "2031"]
[BlackElo "2090"]
[PlyCount "114"]
[EventDate "2005.??.??"]

1. c3 d5 2. e3 e5 3. d4 e4 4. b3 Nf6 5. Be2 c6 6. g3 Be6 7. a4 a5 8. Kf1 Bd6 9.
Ba3 h5 10. h4 Ng4 11. Bxd6 Qxd6 12. Kg2 Nd7 13. Nh3 Ndf6 14. Nf4 g6 15. Nd2 Nh6
16. c4 Bg4 17. c5 Qd7 18. Bxg4 Nfxg4 19. Qe2 Nf5 20. b4 axb4 21. Rhb1 O-O 22.
Rxb4 Ra7 23. a5 Qc7 24. Rb6 Rfa8 25. a6 bxa6 26. Raxa6 Rxa6 27. Rxa6 Qc8 28.
Rb6 Ra2 29. Qe1 Kg7 30. Qc1 Qa8 31. Rb3 Qa5 32. Rc3 Qb4 33. Nh3 Qb5 34. Qe1 Qb2
35. Nf1 Ra1 36. Rc2 Qxc2 37. Qxa1 Nfxe3+ 38. Nxe3 Nxe3+ 39. Kg1 Nf5 40. Nf4 e3
41. fxe3 Nxe3 42. Qe1 Ng4 43. Ne2 Qe4 44. Qf1 Ne3 45. Qh3 Qb1+ 46. Kf2 Ng4+ 47.
Kg2 Qe1 48. Ng1 Qf2+ 49. Kh1 Qxd4 50. Qg2 Qxc5 51. Qb2+ d4 52. Nf3 Qd5 53.
Qxd4+ Qxd4 54. Nxd4 c5 55. Nc2 Kf6 56. Kg2 Ke5 57. Kf3 Kd5 0-1

[Event "2.ligaD04/05-8"]
[Site "?"]
[Date "????.??.??"]
[Round "?"]
[White "Kubicek, Pavel"]
[Black "Jelen, Jiri"]
[Result "0-1"]
[WhiteElo "1891"]
[BlackElo "1957"]
[PlyCount "60"]
[EventDate "2005.??.??"]

1. e4 e5 2. Nf3 d6 3. d4 Nd7 4. Bc4 c6 5. O-O h6 6. Nc3 Ngf6 7. b4 Be7 8. Bb2
O-O 9. a3 Qc7 10. Qd3 exd4 11. Qxd4 Ne5 12. Nxe5 dxe5 13. Qe3 Re8 14. Kh1 Bf8
15. f4 exf4 16. Rxf4 Be6 17. Bd3 Ng4 18. Rxg4 Bxg4 19. h3 Bh5 20. Rf1 a5 21. b5
Rad8 22. b6 Qe5 23. Na4 Qg5 24. Qxg5 hxg5 25. Rf5 Bg6 26. Rxg5 Bxe4 27. Nc5
Bxc5 28. Bxe4 Rd1+ 29. Kh2 Bd6+ 30. g3 Rxe4 0-1

[Event "2.ligaD04/05-8"]
[Site "?"]
[Date "????.??.??"]
[Round "8"]
[White "Mares, Jaroslav"]
[Black "Skaroupka, Jiri"]
[Result "1/2-1/2"]
[WhiteElo "2126"]
[BlackElo "2136"]
[PlyCount "34"]
[EventDate "2005.??.??"]

1. c4 c6 2. d4 d5 3. e3 Nf6 4. Nf3 Bf5 5. Nc3 e6 6. a3 Nbd7 7. Be2 Bd6 8. O-O
O-O 9. Nh4 dxc4 10. Nxf5 exf5 11. g3 Nb6 12. Qc2 Qd7 13. Nb1 Rac8 14. Nd2 c5
15. Nf3 Ne4 16. Rd1 Qb5 17. Bd2 Qb3 1/2-1/2

[Event "2.ligaD04/05-8"]
[Site "?"]
[Date "????.??.??"]
[Round "8"]
[White "Molik, Zdenek"]
[Black "Cap, Martin"]
[Result "1/2-1/2"]
[WhiteElo "2203"]
[BlackElo "2059"]
[PlyCount "34"]
[EventDate "2005.??.??"]

1. e4 d6 2. d4 Nf6 3. Nc3 g6 4. Be3 Bg7 5. f3 c6 6. Qd2 Qa5 7. Bd3 Nbd7 8. Nge2
e5 9. O-O O-O 10. Rad1 Re8 11. Kh1 a6 12. Bh6 b5 13. Bxg7 Kxg7 14. dxe5 dxe5
15. Nc1 Qb4 16. f4 Qxb2 17. fxe5 Nxe5 1/2-1/2

[Event "2.ligaD04/05-8"]
[Site "?"]
[Date "????.??.??"]
[Round "8"]
[White "Novy, Martin"]
[Black "Vlk, Miroslav"]
[Result "1/2-1/2"]
[WhiteElo "2152"]
[BlackElo "2115"]
[PlyCount "42"]
[EventDate "2005.??.??"]

1. Nf3 Nf6 2. g3 g6 3. b3 Bg7 4. Bb2 O-O 5. Bg2 d5 6. O-O c5 7. d3 Nc6 8. Nbd2
Qc7 9. e4 dxe4 10. dxe4 e5 11. Re1 Rd8 12. Qe2 h6 13. c3 Be6 14. a3 a6 15. b4
Nd7 16. Nf1 Nb6 17. Ne3 cxb4 18. axb4 Ne7 19. Nd2 Rac8 20. Rac1 Na4 21. Ba1 b5
1/2-1/2

[Event "2.ligaD04/05-8"]
[Site "?"]
[Date "????.??.??"]
[Round "8"]
[White "Dobes, Oldrich"]
[Black "Binder, Jaroslav"]
[Result "1-0"]
[WhiteElo "2066"]
[BlackElo "1987"]
[PlyCount "76"]
[EventDate "2005.??.??"]

1. e4 e5 2. Nf3 Nc6 3. Bb5 a6 4. Ba4 d6 5. O-O f5 6. exf5 Bxf5 7. d4 exd4 8.
Nxd4 Bd7 9. Re1+ Be7 10. Bxc6 bxc6 11. Qf3 Nf6 12. Nxc6 Bxc6 13. Qxc6+ Kf7 14.
Nc3 Re8 15. Bg5 Rb8 16. Re2 Rb6 17. Qf3 h6 18. Bxf6 Bxf6 19. Rxe8 Qxe8 20. Nd5
Rxb2 21. Nxf6 gxf6 22. Qh5+ Kf8 23. Qxh6+ Kg8 24. Qxf6 Rxc2 25. Qg5+ Kh8 26.
Qh4+ Kg8 27. Qg4+ Kh7 28. Qf5+ Qg6 29. Qd7+ Qg7 30. Qh3+ Qh6 31. Qf5+ Qg6 32.
Qd7+ Qg7 33. Qh3+ Kg8 34. Re1 Re2 35. Qc8+ Kh7 36. Qf5+ Kh6 37. Qh3+ Kg5 38.
Qg3+ Kf5 1-0

[Event "2.ligaD04/05-8"]
[Site "?"]
[Date "2005.02.20"]
[Round "8"]
[White "Sladek, Vladislav"]
[Black "Docekal, Jan"]
[Result "0-1"]
[WhiteElo "1974"]
[BlackElo "2120"]
[PlyCount "38"]
[EventDate "2005.??.??"]

1. d4 Nf6 2. c4 e6 3. Nc3 Bb4 4. a3 Bxc3+ 5. bxc3 b6 6. Nf3 Ne4 7. Qc2 f5 8.
Bf4 O-O 9. e3 Bb7 10. Bd3 d6 11. O-O Nd7 12. Nd2 Nxd2 13. Qxd2 Qf6 14. Rab1 g5
15. Bg3 f4 16. exf4 gxf4 17. Qe2 fxg3 18. fxg3 Qh6 19. d5 Ne5 0-1

[Event "2.ligaD04/05-8"]
[Site "?"]
[Date "????.??.??"]
[Round "8"]
[White "Mlensky, Dalibor"]
[Black "Zejda, Karel"]
[Result "1-0"]
[WhiteElo "2093"]
[BlackElo "1814"]
[PlyCount "75"]
[EventDate "2005.??.??"]

1. e4 c5 2. Nf3 d6 3. d4 cxd4 4. Nxd4 Nf6 5. Nc3 a6 6. g3 e6 7. Bg2 Qc7 8. h3
Nc6 9. O-O Be7 10. g4 Nxd4 11. Qxd4 O-O 12. Qd1 Re8 13. Be3 Nd7 14. Ne2 Ne5 15.
b3 Ng6 16. c4 Bf6 17. Rc1 Bd7 18. f4 Nh4 19. Bh1 Bc6 20. Qe1 Ng6 21. g5 Bb2 22.
Rb1 Ba3 23. Qf2 a5 24. h4 Qe7 25. h5 Nf8 26. Nd4 Nd7 27. Rbe1 Nc5 28. Qc2 Rac8
29. f5 Qd7 30. f6 Rf8 31. Rd1 Qc7 32. Bf4 e5 33. Nf5 gxf6 34. gxf6 Kh8 35. Bh6
Ne6 36. Qg2 Rfd8 37. Bg7+ Kg8 38. Nh6# 1-0

[Event "2.ligaD04/05-8"]
[Site "?"]
[Date "2005.??.??"]
[Round "?"]
[White "Tomasek, Milan"]
[Black "Vechet, Stanislav"]
[Result "1/2-1/2"]
[WhiteElo "2249"]
[BlackElo "2259"]
[PlyCount "52"]
[EventDate "2005.??.??"]

1. e4 e5 2. Nf3 Nc6 3. d4 exd4 4. Nxd4 Nf6 5. Nxc6 bxc6 6. e5 Qe7 7. Qe2 Nd5 8.
c4 Ba6 9. b3 Nb6 10. Bb2 Qe6 11. Nd2 Be7 12. O-O-O O-O-O 13. f4 g5 14. Qf2 gxf4
15. c5 Bxf1 16. cxb6 Ba6 17. bxc7 Kxc7 18. Qxa7+ Bb7 19. Qa5+ Kb8 20. Nc4 Rc8
21. Qb6 Rhg8 22. Rd6 Bxd6 23. Nxd6 Rc7 24. Bd4 c5 25. Bxc5 Rxc5+ 26. Qxc5 Qd5
1/2-1/2

[Event "2.ligaD04/05-8"]
[Site "?"]
[Date "2005.??.??"]
[Round "?"]
[White "Symersky, Petr"]
[Black "Cely, Jaroslav"]
[Result "1-0"]
[WhiteElo "2153"]
[BlackElo "2181"]
[PlyCount "65"]
[EventDate "2005.??.??"]

1. Nf3 c5 2. g3 d5 3. Bg2 Nc6 4. d4 Nf6 5. O-O e6 6. b3 cxd4 7. Nxd4 Bc5 8. Bb2
O-O 9. c4 Qe7 10. Nxc6 bxc6 11. Nc3 Rb8 12. Qc2 Ba6 13. Na4 Ba3 14. Be5 Bd6 15.
Bxd6 Qxd6 16. Rfd1 Qa3 17. Nb2 Rfd8 18. e3 e5 19. Bf1 e4 20. Na4 Rbc8 21. Qc3
dxc4 22. Rxd8+ Rxd8 23. Qa5 Rf8 24. Qxa6 cxb3 25. Bc4 bxa2 26. Rxa2 Qc1+ 27.
Bf1 Ng4 28. Qc4 Qb1 29. Nc3 Qe1 30. Qe2 Qxc3 31. Qxg4 f5 32. Qe2 a5 33. Qc4+
1-0

[Event "2.ligaD04/05-8"]
[Site "?"]
[Date "2005.??.??"]
[Round "?"]
[White "Vecera, Pavel"]
[Black "Lastovicka, Jiri"]
[Result "1-0"]
[WhiteElo "2175"]
[BlackElo "2171"]
[PlyCount "127"]
[EventDate "2005.??.??"]

1. e4 e6 2. d3 d5 3. Nd2 Nf6 4. Ngf3 b6 5. Be2 Bb7 6. e5 Ng8 7. O-O Qd7 8. b3
Ne7 9. Bb2 Nf5 10. a4 Nc6 11. d4 a5 12. Bb5 Ba6 13. Qe2 Bxb5 14. axb5 Na7 15.
c4 Be7 16. Bc3 O-O 17. Rfe1 Rac8 18. Bxa5 dxc4 19. bxc4 bxa5 20. Rxa5 Nxd4 21.
Nxd4 Qxd4 22. Nf3 Qc5 23. Rea1 Nc6 24. bxc6 Qxc6 25. Ra6 Qb7 26. Ra7 Qb6 27.
Qe4 Rb8 28. h3 h6 29. R7a6 Qb2 30. R6a2 Qb4 31. Ra4 Qb2 32. Qc6 Qb7 33. Nd4 Qb6
34. Qxb6 cxb6 35. Nc6 Rb7 36. Nxe7+ Rxe7 37. Rb1 Rc7 38. Rxb6 Rfc8 39. Rbb4 Kh7
40. f4 Kg6 41. g4 Rd8 42. Kf2 Rd3 43. Kg2 Rc3 44. h4 h5 45. f5+ exf5 46. Ra6+
Kh7 47. gxf5 R7xc4 48. Rxc4 Rxc4 49. Kf3 Rxh4 50. Ra7 Rb4 51. Rxf7 Kg8 52. e6
h4 53. Rd7 Kf8 54. Rd8+ Ke7 55. Rg8 Rb3+ 56. Kf4 Rg3 57. Rh8 Rg1 58. Ra8 g5+
59. Kf3 Rf1+ 60. Kg4 Rg1+ 61. Kh5 h3 62. Ra7+ Kd6 63. Rd7+ Ke5 64. e7 1-0

[Event "2.ligaD04/05-8"]
[Site "?"]
[Date "2005.??.??"]
[Round "?"]
[White "Sochna, Dusan"]
[Black "Krondraf, Karel"]
[Result "1/2-1/2"]
[WhiteElo "2163"]
[BlackElo "2153"]
[PlyCount "104"]
[EventDate "2005.??.??"]

1. Nf3 Nf6 2. g3 g6 3. c4 Bg7 4. Bg2 O-O 5. O-O e6 6. d4 d5 7. Qc2 Nbd7 8. Nbd2
Re8 9. Rd1 c6 10. e4 dxe4 11. Nxe4 Nxe4 12. Qxe4 Qa5 13. Bd2 Qf5 14. Qxf5 gxf5
15. Bc3 c5 16. Rac1 Rb8 17. dxc5 Bxc3 18. Rxc3 Nxc5 19. b4 Ne4 20. Ra3 b5 21.
c5 a6 22. Ne5 f6 23. Nc6 Ra8 24. Na5 Ra7 25. Re3 Ng5 26. Bc6 Rf8 27. f4 Ne4 28.
Bxe4 fxe4 29. Rxe4 e5 30. Kf2 Bf5 31. Re3 Rg7 32. Rd6 Bh3 33. Rxa6 exf4 34. Rf3
Bg4 35. Rxf4 Re8 36. Raxf6 h5 37. Kg2 h4 38. h3 Be6 39. Rxh4 Bd5+ 40. Kg1 Rxg3+
41. Kf1 Rge3 42. Rd4 Re1+ 43. Kf2 R8e2+ 44. Kg3 Re3+ 45. Kh4 Be6 46. Rxe6 Rxe6
47. c6 Re7 48. a3 R1e3 49. Rd5 Rh7+ 50. Kg4 Rhxh3 51. c7 Rhg3+ 52. Kh4 Rh3+
1/2-1/2

[Event "2.ligaD04/05-8"]
[Site "?"]
[Date "2005.??.??"]
[Round "?"]
[White "Vasut, Karel"]
[Black "Kalendovsky, Jan"]
[Result "1-0"]
[WhiteElo "2136"]
[BlackElo "2168"]
[PlyCount "123"]
[EventDate "2005.??.??"]

1. b4 e5 2. Bb2 d6 3. e3 Nf6 4. c4 Be7 5. Nc3 O-O 6. Be2 Bf5 7. Nf3 h6 8. d4
Nbd7 9. Qb3 c6 10. O-O Qc7 11. h3 g5 12. d5 c5 13. b5 Bg6 14. Nh2 Nh7 15. f4 f5
16. Qc2 Rf6 17. Rae1 Raf8 18. Nd1 g4 19. hxg4 fxg4 20. f5 Rxf5 21. Rxf5 Bxf5
22. e4 Bg6 23. Nxg4 Bg5 24. Bf3 Qd8 25. Bc1 Kg7 26. Ndf2 h5 27. Nh2 Bf4 28. Qa4
Qb6 29. Nh3 Bxc1 30. Rxc1 Rf7 31. Rc3 Ndf6 32. Nf2 Ng5 33. Re3 Rf8 34. Qc2 Qd8
35. Ra3 Qb6 36. Qe2 Ngh7 37. Qe3 Rf7 38. Nf1 Ng8 39. Ng3 Ngf6 40. Nf5+ Bxf5 41.
exf5 a6 42. Be2 axb5 43. Qg3+ Kf8 44. Ra8+ Ke7 45. Qg6 bxc4 46. Bxh5 Qb1+ 47.
Kh2 Ng5 48. Qxg5 Rh7 49. Kg3 Qe1 50. Rh8 Rxh8 51. Qg7+ Kd8 52. Qxh8+ Kc7 53.
Qxf6 Qe3+ 54. Bf3 c3 55. Ne4 c2 56. Qxd6+ Kc8 57. Nxc5 Qe1+ 58. Kh3 Qh1+ 59.
Kg4 Qh7 60. Nb3 Qg7+ 61. Qg6 Qf8 62. f6 1-0

[Event "2.ligaD04/05-8"]
[Site "?"]
[Date "2005.??.??"]
[Round "?"]
[White "Vrtal, Jaroslav"]
[Black "Carbol, Jaroslav"]
[Result "1-0"]
[WhiteElo "2156"]
[BlackElo "2095"]
[PlyCount "75"]
[EventDate "2005.??.??"]

1. Nf3 d5 2. g3 e6 3. Bg2 f5 4. O-O Nf6 5. b3 Bd6 6. Bb2 Nbd7 7. c4 c6 8. Nc3
O-O 9. d3 e5 10. cxd5 Nxd5 11. a3 Qe7 12. b4 N7b6 13. e4 Nxc3 14. Bxc3 fxe4 15.
dxe4 Bg4 16. h3 Bh5 17. Qb3+ Bf7 18. Qc2 Nc4 19. Nh4 Qe6 20. Nf5 Bc7 21. a4 a5
22. bxa5 Bxa5 23. Bxa5 Rxa5 24. Rfb1 Ra7 25. Bf1 Nd6 26. Qc5 Nc8 27. a5 Re8 28.
Rd1 g6 29. Nd6 b6 30. Qxc6 Nxd6 31. Rxd6 Qe7 32. a6 Rb8 33. Rad1 Be8 34. Qd5+
Bf7 35. Rd8+ Kg7 36. Qd6 Rxd8 37. Qxe7 Rxe7 38. Rxd8 1-0

[Event "2.ligaD04/05-8"]
[Site "?"]
[Date "2005.??.??"]
[Round "?"]
[White "Fisar, Josef"]
[Black "Klenner, Richard"]
[Result "0-1"]
[WhiteElo "2038"]
[BlackElo "1967"]
[PlyCount "44"]
[EventDate "2005.??.??"]

1. f4 d5 2. Nf3 Nf6 3. e3 e6 4. b3 Be7 5. Bb2 O-O 6. Bd3 b6 7. Ne5 Qe8 8. Qf3
Ba6 9. c4 Nbd7 10. Qh3 Ne4 11. g4 Ndc5 12. Bc2 f6 13. Nd3 Nxd3+ 14. Bxd3 f5 15.
gxf5 exf5 16. Bxe4 dxe4 17. Rg1 Bf6 18. Nc3 b5 19. cxb5 Bxb5 20. Rc1 Ba6 21.
Nd1 Qb5 22. Qg2 Bh4+ 0-1

[Event "2.ligaD04/05-8"]
[Site "?"]
[Date "2005.??.??"]
[Round "?"]
[White "Vratislavsky, Ivo"]
[Black "Pavlis, Jaromir"]
[Result "0-1"]
[WhiteElo "1825"]
[BlackElo "2109"]
[PlyCount "52"]
[EventDate "2005.??.??"]

1. f4 d5 2. e3 Nf6 3. Nf3 Bg4 4. Be2 c6 5. b3 e6 6. O-O Nbd7 7. Bb2 Bxf3 8.
Bxf3 Be7 9. d3 Qc7 10. Nd2 e5 11. fxe5 Nxe5 12. e4 O-O-O 13. exd5 Nxd5 14. Bxd5
Rxd5 15. Bxe5 Qxe5 16. Rxf7 Qd4+ 17. Kh1 Bf6 18. Rb1 Re8 19. h3 Qf2 20. Qg4+
Kb8 21. Nf3 Qxc2 22. Re1 Rxe1+ 23. Nxe1 Qf2 24. Qb4 Qf1+ 25. Kh2 Be5+ 26. g3
Qxf7 0-1

[Event "2.ligaD04/05-8"]
[Site "?"]
[Date "2005.??.??"]
[Round "?"]
[White "Pridal, Ondrej"]
[Black "Piza, Vlastimil"]
[Result "1/2-1/2"]
[WhiteElo "2193"]
[BlackElo "2284"]
[PlyCount "91"]
[EventDate "2005.??.??"]

1. e4 c5 2. c3 d6 3. d4 Nf6 4. dxc5 Nc6 5. cxd6 Nxe4 6. Bd3 Nxd6 7. Nf3 Bg4 8.
O-O e6 9. Re1 Be7 10. h3 Bh5 11. Bf4 O-O 12. Nbd2 Rc8 13. Qe2 Rc7 14. Ne4 e5
15. Bh2 f6 16. Rad1 Bf7 17. Nh4 g6 18. f4 f5 19. Nxd6 Bxd6 20. fxe5 Re7 21. Nf3
Qb6+ 22. Kh1 Nxe5 23. Nxe5 Bxe5 24. Bxe5 Rfe8 25. Bb5 Rxe5 26. Bxe8 Rxe2 27.
Bxf7+ Kxf7 28. Rxe2 Kf6 29. b3 Kg5 30. c4 Qc7 31. Red2 Qe5 32. Rd7 Qe2 33. a4
h5 34. R7d6 f4 35. R1d2 Qe4 36. Kh2 Qe3 37. R6d5+ Kf6 38. R2d3 Qe1 39. Rd7 g5
40. Rf3 Qe2 41. Rd6+ Kg7 42. Rdd3 Kg6 43. c5 Qe5 44. Rd6+ Kg7 45. Rd7+ Kg6 46.
Rd6+ 1/2-1/2

[Event "2.ligaD04/05-8"]
[Site "?"]
[Date "2005.??.??"]
[Round "?"]
[White "Zigo, Viktor"]
[Black "Svihel, Karel"]
[Result "1/2-1/2"]
[WhiteElo "2274"]
[BlackElo "2157"]
[PlyCount "61"]
[EventDate "2005.??.??"]

1. e4 Nf6 2. Nc3 e5 3. Nf3 Nc6 4. d4 exd4 5. Nxd4 Bb4 6. Nxc6 bxc6 7. Bd3 d5 8.
exd5 cxd5 9. O-O O-O 10. Bg5 c6 11. Qf3 Be7 12. h3 h6 13. Bf4 Bd6 14. Rfe1 Bxf4
15. Qxf4 Be6 16. b3 Qb8 17. Qxb8 Raxb8 18. Na4 Rfe8 19. Nc5 Nd7 20. Nxd7 Bxd7
21. c4 Kf8 22. f4 Rxe1+ 23. Rxe1 Re8 24. Rxe8+ Kxe8 25. cxd5 cxd5 26. Kf2 Ke7
27. Ke3 Kd6 28. Kd4 f6 29. f5 Bc6 30. a4 a5 31. Bb5 1/2-1/2

[Event "2.ligaD04/05-8"]
[Site "?"]
[Date "2005.??.??"]
[Round "?"]
[White "Novotny, Bohuslav"]
[Black "Komarek, David"]
[Result "1-0"]
[WhiteElo "2111"]
[BlackElo "2147"]
[PlyCount "77"]
[EventDate "2005.??.??"]

1. e4 e6 2. d4 d5 3. e5 c5 4. c3 Nc6 5. Nf3 Bd7 6. a3 Rc8 7. Bd3 cxd4 8. cxd4
Qb6 9. Bc2 Qa6 10. Nc3 f6 11. exf6 Nxf6 12. Bd3 Qb6 13. O-O Bd6 14. Re1 O-O 15.
Bg5 h6 16. Bh4 a6 17. Bg3 Bxg3 18. hxg3 Ng4 19. Na4 Qa7 20. Nc5 Nxd4 21. b4
Nxf3+ 22. gxf3 Nf6 23. Nxd7 Nxd7 24. Rxe6 Rce8 25. Qe2 Nf6 26. Bg6 Rxe6 27.
Qxe6+ Kh8 28. Rc1 Qb8 29. Kg2 Qd8 30. g4 d4 31. Bd3 Qd5 32. Qxd5 Nxd5 33. Be4
Nf4+ 34. Kf1 b6 35. Rc6 Rd8 36. Ke1 g5 37. Rxh6+ Kg7 38. Rxb6 d3 39. Kd2 1-0

[Event "2.ligaD04/05-8"]
[Site "?"]
[Date "2005.??.??"]
[Round "?"]
[White "Vachtfeidl, Petr"]
[Black "Michalcak, Lubomir"]
[Result "1-0"]
[WhiteElo "2106"]
[BlackElo "2052"]
[PlyCount "42"]
[EventDate "2005.??.??"]

1. e4 c6 2. d4 d5 3. exd5 cxd5 4. c3 Bf5 5. Qb3 Nf6 6. Qxb7 Nbd7 7. Nf3 e5 8.
Nxe5 Nxe5 9. dxe5 Bc5 10. Bb5+ Nd7 11. Qxd5 Bxf2+ 12. Kxf2 O-O 13. Na3 Rb8 14.
g3 Qe7 15. Qd6 Qe8 16. Rd1 Rxb5 17. Nxb5 Nxe5 18. Nc7 Ng4+ 19. Kg1 Qa4 20. b3
Qa5 21. Ba3 Re8 1-0

[Event "2.ligaD04/05-8"]
[Site "?"]
[Date "2005.02.20"]
[Round "?"]
[White "Tuma, Jiri"]
[Black "Lacko, Jan"]
[Result "1-0"]
[WhiteElo "2240"]
[BlackElo "2231"]
[PlyCount "33"]
[EventDate "2005.??.??"]

{96MB, HOME-LZ1QVMPENS} 1. e4 {[%emt 0:00:00]} 1... c5 2. Nf3 d6 3. d4 cxd4 4.
Nxd4 Nf6 5. Nc3 a6 6. g3 e6 7. Bg2 Be7 8. O-O O-O 9. Be3 Nbd7 10. g4 Ne5 11. g5
Nfg4 12. Bc1 Bxg5 13. f4 Bh6 14. h3 Qh4 15. hxg4 Nxg4 16. Nf3 Qh5 17. Qxd6 1-0

[Event "2.ligaD04/05-8"]
[Site "?"]
[Date "2005.02.20"]
[Round "?"]
[White "Macharacek, Simon"]
[Black "Senkyr, Vladimir"]
[Result "1-0"]
[WhiteElo "2209"]
[BlackElo "2149"]
[PlyCount "109"]
[EventDate "2005.??.??"]

{96MB, HOME-LZ1QVMPENS} 1. e4 Nf6 2. e5 Nd5 3. d4 d6 4. Nf3 Bg4 5. Be2 e6 6.
O-O Nc6 7. c4 Nde7 8. exd6 Qxd6 9. Nc3 Bxf3 10. Bxf3 Nxd4 11. Bxb7 Rb8 12. Be4
f5 13. Bd3 Nec6 14. Nb5 Nxb5 15. cxb5 Nd4 16. Qa4 Nf3+ 17. gxf3 Qxd3 18. b6+
Kf7 19. bxa7 Ra8 20. Be3 Qd5 21. Kg2 Bd6 22. Rfd1 Qe5 23. f4 Qxb2 24. Qd7+ Be7
25. Rab1 Qc2 26. Rbc1 Qe4+ 27. Kg1 Rhd8 28. Qxc7 Qf3 29. Rxd8 Rxd8 30. Qc2 Qg4+
31. Kf1 Qh3+ 32. Ke2 Qg4+ 33. f3 Qg2+ 34. Bf2 Qxh2 35. Qc7 Rd2+ 36. Kxd2 Qxf2+
37. Kd3 Qxf3+ 38. Kc2 Qe2+ 39. Kb3 Qd3+ 40. Ka4 Qa6+ 41. Qa5 Qd6 42. a8=Q Qxf4+
43. Kb5 Qxc1 44. Qc6 Qb2+ 45. Ka6 Qe2+ 46. Kb7 Qb2+ 47. Kc8 g5 48. Qaa6 Qh8+
49. Kb7 Qb2+ 50. Qab5 Qf6 51. Qe8+ Kg7 52. Kc8 e5 53. Qbc6 g4 54. Qxf6+ Bxf6
55. Qh5 1-0

[Event "2.ligaD04/05-8"]
[Site "?"]
[Date "2005.02.20"]
[Round "?"]
[White "Jurek, Miroslav"]
[Black "Bures, Vit"]
[Result "1/2-1/2"]
[WhiteElo "2127"]
[BlackElo "2192"]
[PlyCount "39"]
[EventDate "2005.??.??"]

{96MB, HOME-LZ1QVMPENS} 1. e4 c5 2. Nc3 Nc6 3. g3 e6 4. Bg2 Nge7 5. Nge2 d5 6.
exd5 Nxd5 7. d3 Be7 8. O-O Nxc3 9. bxc3 Bd7 10. Rb1 b6 11. Nf4 Rc8 12. Bd2 O-O
13. Qe2 g6 14. Nh3 Bf6 15. Bh6 Re8 16. Qd2 Ne7 17. Bg5 Bg7 18. Bh6 Bf6 19. Bg5
Bg7 20. Bh6 1/2-1/2

[Event "2.ligaD04/05-8"]
[Site "?"]
[Date "2005.02.20"]
[Round "?"]
[White "Cerveny, Martin"]
[Black "Belousek, Michal"]
[Result "1-0"]
[WhiteElo "2135"]
[BlackElo "2146"]
[PlyCount "65"]
[EventDate "2005.??.??"]

{96MB, HOME-LZ1QVMPENS} 1. d4 Nf6 2. c4 e6 3. Nc3 Bb4 4. e3 c5 5. Bd3 Nc6 6.
Nf3 O-O 7. O-O d5 8. a3 Bxc3 9. bxc3 dxc4 10. Bxc4 Qc7 11. Bb2 Rd8 12. Qe2 Na5
13. Ba2 c4 14. e4 b5 15. Rae1 Bb7 16. Bb1 Nc6 17. e5 Nh5 18. Ng5 g6 19. Bc1 Ne7
20. Qg4 Ng7 21. Re3 h5 22. Qe2 a5 23. g4 b4 24. gxh5 Nxh5 25. Rh3 Nd5 26. Rxh5
Nxc3 27. Qg4 Rxd4 28. f4 gxh5 29. Bh7+ Kf8 30. Qxh5 Rad8 31. Bc2 b3 32. f5 Qxe5
33. Qxf7# 1-0

[Event "2.ligaD04/05-8"]
[Site "?"]
[Date "2005.02.20"]
[Round "?"]
[White "Jelinek, Vaclav"]
[Black "Mudra, Tomas"]
[Result "1-0"]
[WhiteElo "2131"]
[BlackElo "2075"]
[PlyCount "117"]
[EventDate "2005.??.??"]

{96MB, HOME-LZ1QVMPENS} 1. g3 g6 2. Bg2 Bg7 3. Nf3 Nf6 4. O-O O-O 5. c4 c6 6.
Nc3 d5 7. cxd5 Nxd5 8. e4 Nb6 9. d4 Bg4 10. Be3 Nc4 11. Qb3 Nxe3 12. fxe3 Qb6
13. Qa3 e5 14. Na4 Qa5 15. Qb3 Na6 16. a3 Rad8 17. Ng5 Rd7 18. d5 h6 19. Nh3
cxd5 20. exd5 Bxh3 21. Bxh3 Qxd5 22. Qc2 Qd3 23. Qf2 Rc7 24. Nc3 f5 25. Rfd1
Qc4 26. Nd5 Rcf7 27. Rac1 Qb3 28. Bf1 b5 29. Nc3 f4 30. Bxb5 fxe3 31. Qe2 Nc7
32. Bc4 Qb6 33. Rd7 Ne6 34. Nd5 Qc6 35. Ne7+ Rxe7 36. Rxe7 Rf2 37. Bxe6+ Qxe6
38. Qxe3 Qxe7 39. Kxf2 Qd7 40. Qe2 Qd4+ 41. Kf1 Qd7 42. Rc4 Qf5+ 43. Kg2 Qd7
44. Re4 Qd6 45. b4 Kh7 46. a4 Qd5 47. b5 Bf8 48. h4 Bc5 49. Kh3 Bd4 50. Qc2 Bc5
51. h5 Kg7 52. hxg6 Qe6+ 53. Kg2 Qxg6 54. Qe2 h5 55. Rh4 Bd6 56. Qxh5 Qxh5 57.
Rxh5 Kg6 58. Rh4 Bc7 59. Kf3 1-0

[Event "2.ligaD04/05-8"]
[Site "?"]
[Date "2005.02.20"]
[Round "?"]
[White "Tomes, Zdenek"]
[Black "Motacek, Vladimir"]
[Result "1/2-1/2"]
[WhiteElo "2131"]
[BlackElo "2061"]
[PlyCount "35"]
[EventDate "2005.??.??"]

{96MB, HOME-LZ1QVMPENS} 1. e4 d6 2. d4 Nf6 3. Nc3 g6 4. Bc4 Bg7 5. Qe2 c6 6. h3
O-O 7. Nf3 b5 8. Bd3 b4 9. Nb1 Qb6 10. Be3 Ba6 11. Nbd2 Bxd3 12. Qxd3 Nfd7 13.
O-O c5 14. c3 Qa6 15. Qxa6 Nxa6 16. a3 bxc3 17. bxc3 Rab8 18. Rab1 1/2-1/2

[Event "2.ligaD04/05-8"]
[Site "?"]
[Date "2005.02.20"]
[Round "?"]
[White "Strnad, Josef"]
[Black "Tomes, Pavel"]
[Result "0-1"]
[WhiteElo "2065"]
[BlackElo "2109"]
[PlyCount "80"]
[EventDate "2005.??.??"]

{96MB, HOME-LZ1QVMPENS} 1. Nf3 Nf6 2. c4 g6 3. Nc3 Bg7 4. g3 d6 5. Bg2 e5 6. d3
O-O 7. O-O Nc6 8. h3 Re8 9. Be3 Ne7 10. Kh2 c6 11. Rc1 h6 12. Qa4 Be6 13. Qb4
Qc7 14. Ne4 Nf5 15. Nxf6+ Bxf6 16. Bd2 Bg7 17. e3 Ne7 18. e4 Rad8 19. Be3 b6
20. Qd2 Kh7 21. d4 c5 22. d5 Bd7 23. Ng1 Ng8 24. Ne2 f5 25. Nc3 Rf8 26. f4 Rde8
27. Rce1 Qd8 28. Rg1 Nf6 29. Bf3 Qe7 30. Qg2 Qf7 31. Nb5 Bxb5 32. cxb5 fxe4 33.
Bd1 Nxd5 34. Bd2 exf4 35. gxf4 Nxf4 36. Qg3 Ne2 37. Qxg6+ Qxg6 38. Rxg6 Kxg6
39. Rxe2 Bxb2 40. Rg2+ Kh7 0-1

[Event "2.ligaD04/05-8"]
[Site "?"]
[Date "2005.02.20"]
[Round "?"]
[White "Fuchs, Ludek"]
[Black "Sykora, Karel"]
[Result "1/2-1/2"]
[WhiteElo "2098"]
[BlackElo "2119"]
[PlyCount "81"]
[EventDate "2005.??.??"]

{96MB, HOME-LZ1QVMPENS} 1. d4 Nf6 2. c4 g6 3. Nc3 Bg7 4. e4 d6 5. f3 O-O 6. Be3
e5 7. Nge2 Nh5 8. g4 Nf4 9. Nxf4 exf4 10. Bxf4 Nc6 11. Be3 Re8 12. Qd2 Qh4+ 13.
Bf2 Qf6 14. Be2 Nxd4 15. Bxd4 Qxd4 16. Qxd4 Bxd4 17. Nd5 Rd8 18. O-O-O c5 19.
h4 Be6 20. Nc7 Rac8 21. Nb5 Be5 22. Kc2 a6 23. Nc3 h6 24. Bd3 Rb8 25. a4 b6 26.
b3 Kg7 27. Ne2 Bf6 28. Rdg1 g5 29. Ng3 Be5 30. Nh5+ Kf8 31. Ng3 Ke7 32. Nf5+
Bxf5 33. exf5 Rh8 34. hxg5 hxg5 35. Be4 f6 36. Bd5 Rh4 37. Rxh4 gxh4 38. Rf1
Bg3 39. f4 b5 40. g5 bxa4 41. bxa4 1/2-1/2

[Event "2.ligaD04/05-9"]
[Site "?"]
[Date "????.??.??"]
[Round "?"]
[White "Nehybka, Jiri"]
[Black "Mlynek, Petr"]
[Result "1/2-1/2"]
[WhiteElo "2190"]
[BlackElo "2216"]
[PlyCount "29"]
[EventDate "2005.??.??"]

1. e4 c5 2. Nc3 Nc6 3. g3 g6 4. Bg2 Bg7 5. d3 d6 6. f4 e6 7. Nf3 Nge7 8. O-O
O-O 9. Be3 Nd4 10. e5 Nef5 11. Bf2 Nxf3+ 12. Bxf3 Nd4 13. Bg2 d5 14. a4 a6 15.
Ne2 1/2-1/2

[Event "2.ligaD04/05-9"]
[Site "?"]
[Date "????.??.??"]
[Round "?"]
[White "Donnert, Milan"]
[Black "Skacelik, Petr"]
[Result "1/2-1/2"]
[WhiteElo "2196"]
[BlackElo "2250"]
[PlyCount "46"]
[EventDate "2005.??.??"]

1. d4 Nf6 2. c4 e6 3. Nc3 Bb4 4. Bg5 d5 5. e3 Nbd7 6. Nf3 c6 7. Rc1 O-O 8. Bd3
b6 9. O-O Bb7 10. a3 Be7 11. Qc2 h6 12. Bh4 c5 13. Rfd1 dxc4 14. Bxc4 Bxf3 15.
gxf3 cxd4 16. Rxd4 Rc8 17. Qa4 Qc7 18. Nb5 Qc6 19. Qd1 Ne5 20. Nxa7 Nxf3+ 21.
Kf1 Nxh2+ 22. Kg1 Nf3+ 23. Kf1 Nh2+ 1/2-1/2